| 000 | 00718nam a22002417a 4500 | ||
|---|---|---|---|
| 003 | KOHA_MİRAKIL | ||
| 005 | 20260416063654.0 | ||
| 008 | 260415b tu ||||| |||| 00| 0 tur d | ||
| 020 | _a9789755334554 | ||
| 040 |
_aTR-AnABB _btur _cTR-AnABB |
||
| 041 | _atur | ||
| 082 |
_a306.09561 _bKAY 2006 |
||
| 100 | 1 | _aKaya, İbrahim | |
| 245 | 1 | 0 |
_aSosyal teori ve geç modernlikler : _bTürk deneyimi / _cİbrahim Kaya |
| 246 | _aTürk deneyimi | ||
| 250 | _a2. baskı | ||
| 260 |
_aAnkara : _bİmge yayınevi, _c2017 |
||
| 300 |
_a302 sayfa ; _c20 cm |
||
| 650 | 0 | 4 | _aEtnoloji, Türkiye |
| 650 | 0 | 4 | _aSosyal yaşam ve gelenekler, Türkiye |
| 900 | _bCan ÇELIK | ||
| 942 |
_2ddc _cBK |
||
| 999 |
_c10269 _d10269 |
||